00000000nam##2200000za#4500
0019.647513
003CaOODSP
00520200330131046
007ta
008150407|2000||||xxc|||||     f|0| 0 eng|d
020 |a0-662-28288-4
040 |aCaOODSP|beng
043 |an-cn---
0861 |aH39-517/3-1999E
1101 |aCanada.|bHealth Canada. |bHealth Promotion and Programs Branch.
24514|aThe 5-minute guide to better communication : |bdoctor's guide - it helps to talk
260 |aOttawa - Ontario : |bHealth Canada. |c2000.
563 |aPamphlet
590 |a00-42|b2000-10-20
69007|aHealth care|2gcpds
69007|aHealth promotion|2gcpds
77508|tCinq minutes pour mieux communiquer : |w(CaOODSP)9.680931
7760#|tIt helps to talk : |w(CaOODSP)9.695848